Principios de derecho internacional privado o de derecho extraterritorial de Europa y América en sus relaciones con el derecho civil de España (Record no. 166498)

MARC details
000 -LEADER
campo de control de longitud fija 00854nam a22002175i 4500
001 - NÚMERO DE CONTROL
campo de control 166498
003 - IDENTIFICADOR DE NÚMERO DE CONTROL
campo de control ES-MaACL
005 - FECHA Y HORA DE LA ÚLTIMA TRANSACCIÓN
campo de control 20250809025222.0
008 - DATOS DE LONGITUD FIJA--INFORMACIÓN GENERAL
campo de control de longitud fija 940206s1883 sp |||| | spa d
040 ## - FUENTE DE CATALOGACIÓN
Centro catalogador/agencia de origen CAM
Lengua de catalogación spa
100 1# - ENTRADA PRINCIPAL--NOMBRE DE PERSONA
Nombre de persona Torres Campos, Manuel.
9 (RLIN) 110934
245 10 - MENCIÓN DEL TÍTULO
Título Principios de derecho internacional privado o de derecho extraterritorial de Europa y América en sus relaciones con el derecho civil de España
Resto del título : memoria /
Mención de responsabilidad, etc. Manuel Torres Campos.
260 ## - PUBLICACIÓN, DISTRIBUCIÓN, ETC.
Lugar de publicación, distribución, etc. Madrid :
Nombre del editor, distribuidor, etc. [s.n.],
Fecha de publicación, distribución, etc. 1883 (
Fabricante Imp. de Santiago Arranz y Cia.)
300 ## - DESCRIPCIÓN FÍSICA
Extensión 323, [2] p. ;
Dimensiones 23 cm.
650 07 - PUNTO DE ACCESO ADICIONAL DE MATERIA--TÉRMINO DE MATERIA
Término de materia o nombre geográfico como elemento de entrada Derecho internacional privado
Fuente del encabezamiento o término embne
9 (RLIN) 11721
700 1# - ENTRADA AGREGADA--NOMBRE PERSONAL
Nombre de persona Arranz, Santiago, y Cia.
9 (RLIN) 125718
852 ## - LOCALIZACIÓN
Ubicación ES-MaACL
Número de control de estantería D-1094
Nota libre - Rúst.
852 ## - LOCALIZACIÓN
Ubicación ES-MaACL
Número de control de estantería F-805
Nota libre -- Rúst.
852 ## - LOCALIZACIÓN
Ubicación ES-MaACL
Número de control de estantería B-1629
Nota libre -- Enc. pasta española
Holdings
Estatus retirado Estado de pérdida Estado de daño No para préstamo Colección Biblioteca de origen Biblioteca actual Ubicación en estantería Fecha de adquisición Fuente de adquisición Total de préstamos Signatura topográfica completa Código de barras Visto por última vez Precio de reemplazo Tipo de ítem Koha
        Libros del s. XIX Biblioteca del Ateneo de Madrid Biblioteca del Ateneo de Madrid Sala Pardo Bazán 17/01/2008     B-1629 1174625 23/02/2023 23/02/2023 Libro impreso antiguo
        Libros del s. XIX Biblioteca del Ateneo de Madrid Biblioteca del Ateneo de Madrid Sala Valle Inclán 17/01/2008     D-1094 901174623 23/02/2023 23/02/2023 Libro impreso antiguo
        Libros del s. XIX Biblioteca del Ateneo de Madrid Biblioteca del Ateneo de Madrid Depósito 2 17/01/2008     F-805 1174624 23/02/2023 23/02/2023 Libro impreso antiguo